000 00565nam a2200217Ia 4500
003 OSt
005 20220928144447.0
006 a|||||r|||| 00| 0
007 ta
008 220927b |||||||| |||| 00| 0 eng d
024 _a71000
037 _cTextual
040 _aSDCL
_cSDCL
_beng
041 _2eng
_aeng
082 _aL:47257, M4
100 _aAaronson Stuart A Ed.
_9507766
245 0 _aGenetic and phenotypic markers of tumors
260 _c1984
942 _hL:47257, M4
_cTEXL
_2CC
999 _c827284
_d827284